| 000 | 00679nam a2200193 a 4500 | ||
|---|---|---|---|
| 005 | 20240203063558.0 | ||
| 008 | 030227s2001 mx r 000 0 spa d | ||
| 020 | _a9707012013 | ||
| 035 | _aUPN01000122223 | ||
| 049 | _aCG | ||
| 050 | 4 |
_aHQ1150 _bC8.2 |
|
| 245 | 0 | 0 |
_aCuatro estudios de género en el México urbano del siglo XIX / _ccoord. Gabriela Cano, Georgette José Valenzuela. |
| 260 |
_aMéxico : _bM. A. Porrúa : _bUNAM, Programa Universitario de Estudios de Género, _c2001. |
||
| 300 | _a156 p. | ||
| 440 | 0 |
_aLas ciencias sociales _pEstudios de género |
|
| 650 | 2 |
_aMujeres _xHistoria y condición de la mujer _91583 |
|
| 650 | 4 |
_aFeminismo _98967 |
|
| 905 | _aLibro | ||
| 999 |
_c94420 _d94420 |
||